00811nam a2200241Ia 4500003000400000005001700004008004100021020002200062040000700084041000800091082001500099100002800114245007100142260004000213300001500253365001300268650002400281650002600305906007100331942001200402999001900414952013600433OSt20230509105257.0210423s2012 xx 000 0 und d a978-81-7371-743-7 cAL aeng a512.7 KRIE aKRISHNAN (V K).9100468 aElementary number theory: a collection of problems with solutions. aNew DelhibUniversities Pressc2012 avi,253bPB b295cINR aMathematics9100469 aNumber Theory9100470 acollection ; Elementary ; number ; problems ; solutions. ; theory: 2ddccBK c165566d165566 001040708MATaSACPGbSACPGd2014-02-21eBiblios Book Pointg295.00l0o512.7 KRIEpPG012064r2022-08-24 00:00:00w2021-04-26yBK